Countries consisting of 2 words - Statistics

General Stats
  • This quiz has been taken 49 times
  • The average score is 20 of 26
Answer Stats
Answer % Correct
New Zealand
93%
North Korea
91%
South Korea
91%
East Timor
88%
North Macedonia
88%
South Africa
86%
South Sudan
86%
Dominican Republic
84%
Marshall Islands
81%
United Kingdom
81%
San Marino
79%
Solomon Islands
79%
Costa Rica
77%
Saint Lucia
77%
Vatican City
74%
Equatorial Guinea
72%
El Salvador
70%
Guinea-Bissau
70%
Sri Lanka
67%
Cape Verde
65%
Ivory Coast
65%
Burkina Faso
60%
Saudi Arabia
60%
Czech Republic
58%
Sierra Leone
58%
United States
56%
No matching quizzes found
Score Distribution
Percent of People with Each Score
Percentile by Number Answered
Your Score History
You have not taken this quiz